| 000 | 00000nam##2200000za#4500 |
| 001 | 9.616084 |
| 003 | CaOODSP |
| 005 | 20211126112847 |
| 007 | ta |
| 008 | 150406|2002||||xxc||||| f|0| 0 eng|d |
| 022 | |a1192-5434 |
| 040 | |aCaOODSP|beng |
| 043 | |an-cn--- |
| 086 | 1 |aFB3-2/102-22E |
| 110 | 2 |aBank of Canada. |
| 245 | 14|aThe usefulness of consumer confidence indexes in the United States / |cby Brigitte Desroches and Marc-André Gosselin. |
| 260 | |aOttawa - Ontario : |bBank of Canada |c2002. |
| 300 | |av, 25p. : |bgraphs, references, tables ; |c28 cm. |
| 490 | 1 |aWorking paper|x1192-5434|v2002-22. |
| 546 | |aRésumés en français. |
| 563 | |aSoftcover |
| 590 | |a02-37|b2002-09-13 |
| 690 | 07|aConsumers|2gcpds |
| 690 | 07|aEconomic forecasting|2gcpds |
| 690 | 07|aEconomic indicators|2gcpds |
| 720 | 1 |aGosselin, Marc-André |
| 720 | 1 |aDesroches, Brigitte |
| 776 | 0#|tThe usefulness of consumer confidence indexes in the United States / |w(CaOODSP)9.571603 |
| 830 | #0|aWorking paper,|x1192-5434|v2002-22.|w(CaOODSP)9.514622 |